NAVBasics : Watchkeeping and Electronic Navigation - vol.3 / (Record no. 298)
[ view plain ]
| 000 -LEADER | |
|---|---|
| fixed length control field | 00540nam a2200169Ia 4500 |
| 008 - FIXED-LENGTH DATA ELEMENTS--GENERAL INFORMATION | |
| fixed length control field | 190805s9999||||xx |||||||||||||| ||und|| |
| 020 ## - INTERNATIONAL STANDARD BOOK NUMBER | |
| International Standard Book Number | 9781856094917 |
| 082 04 - DEWEY DECIMAL CLASSIFICATION NUMBER | |
| Classification number | 623.89 |
| Item number | K5269/V.3 |
| 100 1# - MAIN ENTRY--PERSONAL NAME | |
| Personal name | Khalique, Abdul |
| 245 10 - TITLE STATEMENT | |
| Title | NAVBasics : Watchkeeping and Electronic Navigation - vol.3 / |
| 250 ## - EDITION STATEMENT | |
| Edition statement | 2nd ed. |
| 260 ## - PUBLICATION, DISTRIBUTION, ETC. (IMPRINT) | |
| Place of publication, distribution, etc | Scotland : |
| Name of publisher, distributor, etc | Witherby Seamanship International Limited, |
| Date of publication, distribution, etc | 2011, Reprinted 2016 |
| 300 ## - PHYSICAL DESCRIPTION | |
| Extent | 298 p. |
| Other physical details | : col. ill. |
| Dimensions | ; 24 cm. |
| 650 #0 - SUBJECT ADDED ENTRY--TOPICAL TERM | |
| Topical term or geographic name as entry element | Navigation |
| 852 ## - LOCATION/CALL NUMBER | |
| Location | |
| 942 ## - ADDED ENTRY ELEMENTS (KOHA) | |
| Item type | Books |
| Withdrawn status | Lost status | Damaged status | Not for loan | Collection code | Permanent location | Current location | Shelving location | Date acquired | Source of acquisition | Total Checkouts | Full call number | Barcode | Date last seen | Date last borrowed | Koha item type | Public note | Total Renewals |
|---|---|---|---|---|---|---|---|---|---|---|---|---|---|---|---|---|---|
| Nautical Science | IMU Kochi Library | IMU Kochi Library | General Stacks | 2017-08-07 | Sterling Book House | 7 | 623.89 K5269/V.3 | BK004650 | 2024-02-08 | 2024-02-08 | Books | Shelf-12, Row-2 | |||||
| Nautical Science | IMU Kochi Library | IMU Kochi Library | General Stacks | 2017-08-07 | Sterling Book House | 7 | 623.89 K5269/V.3 | BK004654 | 2023-04-27 | 2023-04-27 | Books | Shelf-12, Row-2 | |||||
| Nautical Science | IMU Kochi Library | IMU Kochi Library | General Stacks | 2017-08-07 | Sterling Book House | 7 | 623.89 K5269/V.3 | BK004658 | 2023-09-01 | 2023-09-01 | Books | Shelf-12, Row-2 | 3 | ||||
| Nautical Science | IMU Kochi Library | IMU Kochi Library | General Stacks | 2017-08-07 | Sterling Book House | 5 | 623.89 K5269/V.3 | BK004662 | 2024-02-01 | 2024-02-01 | Books | Shelf-12, Row-2 | 1 | ||||
| Nautical Science | IMU Kochi Library | IMU Kochi Library | General Stacks | 2017-08-07 | Sterling Book House | 5 | 623.89 K5269/V.3 | BK004646 | 2023-08-31 | 2023-08-11 | Books | Shelf-12, Row-2 | 1 |